Eko-efektívnosť: Rastie Európa zelenšie?

Vymedzenie pojmu eko-efektívnosť. Možnosť kvantifikácie daného pojmu a jeho využitie na účely analýzy. Modelovanie eko-efektívnosti európskych krajín.

Enregistré dans:
Détails bibliographiques
Auteur principal: Nežinský, Eduard, 1972-
Format: Chapitre de livre
Langue:slovaque
Sujets:
Tags: Ajouter un tag
Pas de tags, Soyez le premier à ajouter un tag!

MARC

LEADER 00000naa$a2200000$$$4500
001 0268725
005 20240502074218.8
041 0 |a slo 
044 |a SK 
245 1 0 |a Eko-efektívnosť: Rastie Európa zelenšie?  |c Eduard Nežinský 
520 |a Vymedzenie pojmu eko-efektívnosť. Možnosť kvantifikácie daného pojmu a jeho využitie na účely analýzy. Modelovanie eko-efektívnosti európskych krajín. 
610 2 0 |a rozvoj trvalo udržateľný 
610 2 0 |a prostredie životné 
610 2 0 |a efektívnosť 
610 2 0 |a analýza obaľovania dát 
610 2 0 |a meranie 
610 2 0 |a modelovanie 
610 2 0 |a porovnanie štatistické medzinárodné 
100 1 |a Nežinský, Eduard, 1972-